000
00268nam a22001217a 4500
003
SGT
082
_a
345.02
_b
BAR
100
_a
BARE ACT
245
_a
THE PREVENTION OF CORRUPTION ACT 1988
260
_a
GURGAON
_b
UNIVERSAL
_c
2022
300
_a
X ,27
942
_2
ddc
_c
BK
_0
1
999
_c
22983
_d
22983